Quiz de películas de Almodovar - Estadísticas

Estadísticas generales
  • Esta prueba ha sido intentada 120 veces
    119 desde el último reinicio
  • La puntuación promedio es 25 de 30
Estadísticas de respuestas
Pregunta Azulejo Select % Correcto
Sale Penelope Cruz (selecciona 3) Volver
97%
El papel protagonista es interpretado por una mujer (selecciona 4) Kika
95%
El papel protagonista es interpretado por una mujer (selecciona 4) La mala educación No
95%
El papel protagonista es interpretado por una mujer (selecciona 4) Mujeres al borde un ataque de nervios
95%
Sale Penelope Cruz (selecciona 3) Kika No
94%
Un personaje principal tiene una escena cantando una icónica canción travestido (selecciona dos) Julieta No
93%
El papel protagonista es interpretado por una mujer (selecciona 4) Volver
93%
Sale Penelope Cruz (selecciona 3) Mujeres al borde de un ataque de nervios No
91%
Ganaron un goya (selecciona 3) Todo sobre mi madre
91%
Un personaje principal tiene una escena cantando una icónica canción travestido (selecciona dos) Volver No
91%
Ganaron un goya (selecciona 3) Kika No
90%
Ganaron un goya (selecciona 3) Los amantes pasajeros No
90%
Un personaje principal tiene una escena cantando una icónica canción travestido (selecciona dos) Dolor y gloria No
88%
Ganaron un goya (selecciona 3) Volver
88%
Són la adaptación de una obra literaria (selecciona 2) Pepi, Luci, Bom y otras chicas del montón No
87%
Són la adaptación de una obra literaria (selecciona 2) Volver No
87%
Sale Penelope Cruz (selecciona 3) Madres paralelas
86%
Un personaje principal tiene una escena cantando una icónica canción travestido (selecciona dos) Tacones lejanos
84%
Un personaje principal tiene una escena cantando una icónica canción travestido (selecciona dos) Entre tinieblas No
82%
Ganaron un goya (selecciona 3) Pepi, Luci, Bom y otras chicas del montón No
82%
Són la adaptación de una obra literaria (selecciona 2) Dolor y gloria No
81%
El papel protagonista es interpretado por una mujer (selecciona 4) Dolor y gloria No
81%
El papel protagonista es interpretado por una mujer (selecciona 4) Tacones lejanos
81%
Ganaron un goya (selecciona 3) Dolor y gloria
78%
Són la adaptación de una obra literaria (selecciona 2) Todo sobre mi madre No
77%
Sale Penelope Cruz (selecciona 3) Dolor y gloria
72%
Són la adaptación de una obra literaria (selecciona 2) La piel que habito
70%
Sale Penelope Cruz (selecciona 3) Julieta No
66%
Un personaje principal tiene una escena cantando una icónica canción travestido (selecciona dos) La mala educación
59%
Són la adaptación de una obra literaria (selecciona 2) Julieta
58%
No se encontraron pruebas coincidentes
Distribución de puntuación
Porcentaje de gente con cada puntuación
Porcentaje por número respondido
Historial de tus puntuaciones
No has intentado esta prueba desde el último reinicio